The dreadful tale of Prosper Redding. #1 / ... Read More
Available copies
- 2 of 2 copies available at LARL/NWRL Consortium.
- 1 of 1 copy available at Northwest Regional Library. (Show preferred library)
Current holds
0 current holds with 2 total copies.
Show All Copies
| Location | Call Number / Copy Notes | Barcode | Shelving Location | Status | Due Date |
|---|---|---|---|---|---|
| Warroad Public Library | j BRA (Text) | 35500005964810 | Main | Available | - |
| Hawley Public Library | J BRA (Text) | 33500012571980 | Main | Available | - |
Record details
- ISBN: 9781484778173
- ISBN: 1484778170
- Physical Description: 362 pages ; 22 cm
- Edition: First edition.
- Publisher: Los Angeles : Disney-Hyperion, 2017.
Content descriptions
| Summary, etc.: | A modern New England boy must rid himself of the ... Read More |
Search for related items by subject
| Subject: | Fantasy. Demonology > Juvenile fiction. Blessing and cursing > Juvenile fiction. |
Search for related items by series
| LDR | 01099nam a2200337Mi 4500 | ||
|---|---|---|---|
| 001 | 264068 | ||
| 003 | LARL_NWRL_CONSORTIUM | ||
| 005 | 20190212174134.0 | ||
| 008 | 170418s2017 cau d 000 1 eng d | ||
| 010 | . | ‡a 2016058799 | |
| 040 | . | ‡aSRC ‡beng ‡erda ‡cSRC | |
| 020 | . | ‡a9781484778173 ‡q(hardcover) | |
| 020 | . | ‡a1484778170 | |
| 035 | . | ‡a(OCoLC)968771272 ‡z(OCoLC)1001441024 | |
| 082 | 0 | 0. | ‡a[Fic] ‡223 |
| 092 | . | ‡aC ‡bBracken | |
| 100 | 1 | . | ‡aBracken, Alexandra, ‡eauthor. ‡0(LARL_NWRL_CONSORTIUM)200764 |
| 245 | 1 | 4. | ‡aThe dreadful tale of Prosper Redding. ‡n#1 / ‡cAlexandra Bracken. |
| 250 | . | ‡aFirst edition. | |
| 260 | . | ‡aLos Angeles : ‡bDisney-Hyperion, ‡c2017. | |
| 300 | . | ‡a362 pages ; ‡c22 cm | |
| 336 | . | ‡atext ‡btxt ‡2rdacontent | |
| 337 | . | ‡aunmediated ‡bn ‡2rdamedia | |
| 338 | . | ‡avolume ‡bnc ‡2rdacarrier | |
| 490 | 0 | . | ‡aProsper Redding ; ‡v1 |
| 520 | . | ‡aA modern New England boy must rid himself of the ancient demon inhabiting his body and break his family's curse. | |
| 650 | 1. | ‡aFantasy. ‡0(LARL_NWRL_CONSORTIUM)19981 | |
| 650 | 1. | ‡aDemonology ‡vJuvenile fiction. | |
| 650 | 1. | ‡aBlessing and cursing ‡vJuvenile fiction. | |
| 905 | . | ‡uvanderl | |
| 901 | . | ‡a264068 ‡b ‡c264068 ‡tbiblio ‡soclc | |

Add to basket
Permalink
Enable Highlighting